000 00798nam a22001937a 4500
003 BD-DhUL
005 20160821175626.0
008 160412s1987 bg ||||| |||| 001 0 ben d
040 _aBD-DhUL
_cBD-DhUL
082 0 _a320.95492
_bISB
100 1 _aএম.এস. এম. নাসিরুল ইসলাম
245 1 0 _aবাংলাদেশের রাষ্ট্রনীতি /
_cএম.এস. এম. নাসিরুল ইসলাম
260 _aঢাকা:
_bইউনিভার্সিটি,
_c১৯৯২।
300 _a২০৯ পৃ. ;
_c ২২ সেমি
504 _aগ্রন্থপঞ্জিগত তথ্য ও নির্ঘন্ট সংবলিত
650 1 _aবাংলাদেশ
650 1 _aBangladesh
942 _2ddc
_cBK
999 _c100055
_d100055